Quiz o Białorusi - Statystyki

Ogólne statystyki
  • Ten quiz został rozwiązany 48 razy
    45 od ostatniego zresetowania
  • Średni wynik to 9 z 15
Statystyki odpowiedzi
Wskazówka Odpowiedź % Poprawnych
Stolica Mińsk
100%
Prezydent Aleksandr Łukaszenka
96%
Język urzędowy Białoruski | Rosyjski
88%
Największy partner handlowy Rosja
80%
Katastrofa, która skaziła ok. 21% terenów państwa w 1986 r. Katastrofa w Czarnobylu
76%
Waluta Rubel białoruski
76%
Liczba ludności w milionach (ok.) 9 mln
72%
Najdłuższa rzeka Dniepr
56%
Podmokłe tereny o wysokim nawilgoceniu, które obejmują 20% Białorusi Bagna
52%
Nizina, na której jest położona Nizina Wschodnioeuropejska
52%
Najstarszy las w Europie Puszcza Białowieska
48%
Czarny ptak z czerwonym dziobem będący jej nieoficjalnym symbolem Bocian czarny
44%
Zupa z zakwasu chlebowego, do której często dodaje się ziemniaki, pietruszkę, kiełbasę czy boczek Żur
32%
Białoruś jest jedynym państwem w Europie, w którym obowiązuje kara śmierci. Jednak jakie było ostatnie europejskie państwo, które ją zniosło ( w 2012 r.)? Łotwa
16%
Polski król urodzony w Wołczynie - na terenach dzisiejszej Białoursi Stanisław August Poniatowski
12%
Nie znaleziono quizów pasujących do podanych kryteriów
Rozkład punktacji
Procent ludzi z każdym wynikiem
Percentyl według liczby udzielonych odpowiedzi
Twoja historia wyników
Nie rozwiązałeś tego quizu od ostatniego zresetowania